Sports Quiz

Random Sports Quiz

Premier league standings 2014/15 Quiz Stats

 Plays Quiz not verified by Sporcle

Challenge
Share
Tweet
Embed
Score 0/20 Timer 04:00
0 Plays Today
Position Answer % Correct
1Chelsea
95.5%
2Manchester City
95.5%
4Manchester United
95.5%
6Liverpool
90.9%
3Arsenal
86.4%
5Tottenham
86.4%
7Southampton
86.4%
16Sunderland
81.8%
9Stoke City
77.3%
12West Ham
77.3%
Position Answer % Correct
15Newcastle
77.3%
20QPR
77.3%
11Everton
72.7%
13West Brom
72.7%
17Aston Villa
72.7%
8Swansea City
68.2%
19Burnley
68.2%
18Hull City
63.6%
10Crystal Palace
59.1%
14Leicester City
54.5%

You're not logged in!

Compare scores with friends on all Sporcle quizzes.
OR
Log In

You Might Also Like...

Show Comments

Extras

Created Jan 15, 2016SourceReportNominate
Tags:2014, finished, league, premier

Top Quizzes Today


Score Distribution

Your Account Isn't Verified!

In order to create a playlist on Sporcle, you need to verify the email address you used during registration. Go to your Sporcle Settings to finish the process.

Report this User

Report this user for behavior that violates our Community Guidelines.

Details: